|
|
|
|
| LEADER |
01195nam a2200289 a 4500 |
| 001 |
000434971 |
| 003 |
CZ BrMZK |
| 005 |
19990315143423.0 |
| 007 |
ta |
| 008 |
990315s1993 xr f ger d |
| 040 |
|
|
|a BOA001
|b cze
|
| 041 |
1 |
|
|a ger
|a eng
|
| 080 |
|
|
|a 792(437.10) Národní divadlo
|2 MRF
|
| 100 |
1 |
|
|a Janáček, Leoš,
|d 1854-1928
|7 jk01050745
|4 aut
|
| 245 |
1 |
4 |
|a Die Sache Makropulos /
|c Leoš Janáček ; Oper nach der gleichnamigen Komödie von Karel Čapek ; [Programmbearbeitung: Jan Dehner].
|
| 246 |
3 |
1 |
|a <<The>>Macropulos case
|
| 260 |
|
|
|a Praha :
|b Národní divadlo,
|c 1993
|
| 300 |
|
|
|a 72 s. :
|b il., portréty ;
|c 20 cm
|
| 500 |
|
|
|a Náz., podnáz. a text též angl. - Divadelní program. - Opera Národního divadla, sezona 1993/94
|
| 653 |
0 |
|
|a Národní divadlo Praha
|a Věc Makropulus(opera)
|
| 700 |
1 |
|
|a Čapek, Karel,
|d 1890-1938
|7 jk01021023
|4 lbt
|
| 700 |
1 |
|
|a Dehner, Jan
|7 jx20040720108
|4 com
|
| 910 |
|
|
|a BOA001
|b 2-1062.686
|
| 964 |
|
|
|a Národní divadlo
|c Praha
|x programy divadelní
|z r.1993
|
| 964 |
|
|
|a Hry divadelní
|x programy
|z r.1993
|
| 990 |
|
|
|a BK
|
| 996 |
6 |
|
|b 2610098551
|c 2-1062.686
|l MZK
|r Sklad / do 1 hodiny
|n 4
|p p.v.
|w 000434971
|u 000010
|a 1
|e BOA001
|j MZK50
|s P
|